[Event "5th Pontevedra Open 2017"]
[Site "Pontevedra"]
[Date "2017.08.09"]
[Round "2"]
[White "Petkov, Vladimir"]
[Black "Calzetta Ruiz, Monica"]
[Result "1/2-1/2"]
[WhiteElo "2498"]
[BlackElo "2288"]
[Annotator "TA"]
[PlyCount "106"]
[EventDate "2017.??.??"]
[EventCountry "ESP"]
[SourceTitle "playchess.com"]
[Source "ChessBase"]
[SourceQuality "1"]

{[%evp 9,106,-51,-37,-49,-41,-58,-8,-37,-17,-21,-10,0,14,10,26,11,27,31,46,20,12,-32,-31,-34,-31,-28,-33,-39,-22,-20,0,0,0,0,0,-462,-527,-510,-504,-473,-468,-470,-426,-414,-219,-258,-112,-107,-115,-120,138,139,138,-27,-21,-18,0,0,0,0,0,0,0,0,0,0,0,0,0,0,0,0,0,0,0,0,0,0,0,0,0,0,0,0,0,0,0,0,0,0,0,0,0,0,0,0,0,0,29988]} 1. Nf3 c5 2. g3 Nc6 3. c3 (3. Bg2 g6 4. c3 Bg7 5. d4 cxd4 6. cxd4 d5 7. Nc3 e6 8. O-O Nge7 9. b3 O-O 10. Ba3 b6 11. Rc1 Ba6 12. Qd2 Qd7 13. Rfd1 Rfc8 14. Rc2 Nf5 15. e3 Bf8 16. Bxf8 Kxf8 17. Bf1 Bxf1 18. Rxf1 {½-½ (38) So,W (2815)-Giri,A (2785) chess.com INT 2017}) 3... e5 4. e4 Nf6 5. Qe2 Be7 6. Bg2 {A04: Unusual lines after 1 Nf3 and King's Indian Attack} O-O 7. O-O Re8 8. Na3 $146 {[%cal Bb1a3,Ba3c4,Bc4e3,Be3d5][%mdl 32]} ({Find the theoretical novelty and annotate with similar games:} 8. d3 Bf8 9. c4 d6 10. h3 a6 {0-1 (40) Sorg,B (2306)-Mazi,L (2397) Austria 2001}) 8... Bf8 9. d3 h6 10. Nc4 b5 11. Ne3 b4 12. Nd2 bxc3 13. bxc3 Rb8 14. Nd5 Ba6 15. Nb3 c4 $1 {[%cal Rc4b3]} 16. dxc4 Nxd5 17. exd5 Na5 18. Nxa5 Qxa5 19. Qg4 Qxc3 20. Be3 Qxc4 21. Qxd7 Red8 22. Qxa7 $2 {[%mdl 8192]} (22. Qf5 $11 {and White has nothing to worry.}) 22... Rb7 $19 23. Rfc1 Qa4 24. Rc7 Rxa7 25. Rxa7 Qa3 26. Rc1 Qxa2 (26... Qd6 $142 27. Rb1 Rc8) 27. h4 Qe2 (27... Rd6 $19 28. Bf1 f5) 28. Bf1 $17 Qg4 29. Rxa6 Rxd5 $2 {[%mdl 8192]} (29... Kh7 $17 {keeps the pressure on.} 30. Kh2 f5) 30. Ra8 $16 Qb4 {[#]} 31. Bc4 $2 (31. Bg2 $1 $16 {[%cal Rg2d5]} Ra5 32. Rd8) 31... Ra5 32. Rc8 {The position is equal.} g5 33. hxg5 hxg5 34. Bxg5 Rc5 35. Be7 $1 Qd2 36. Rxf8+ Kg7 $1 37. Rxf7+ Kg6 $1 38. Rf6+ Kg7 39. Rf7+ (39. Kh2 $5 {[%cal Re7c5]} Qxc1 40. Rf7+ Kg6 41. Rf6+ Kg7 42. Rf7+ Kg6 43. Rf6+ Kh7 44. Rf7+ Kg6 $11) 39... Kg6 $1 40. Rf6+ Kg7 41. Rf7+ Kg6 $1 42. Bd3+ (42. Rf1 {is more complex.} Rxc4 43. Rf6+ Kh7 44. Rf7+ Kg6) 42... Kxf7 43. Rxc5 Qe1+ 44. Bf1 Kxe7 $11 {[%mdl 4096] Endgame KQ-KRB} 45. Rc2 Kf6 46. Re2 Qb1 47. Re3 Qd1 48. Kg2 Qd5+ 49. Rf3+ Kg5 50. Be2 Qe4 51. Bd3 Qd5 {[#] Strongly threatening ...e4.} 52. Be2 Qe4 53. Bd3 Qf4 $2 {[%mdl 40960] Precision: White = 54%, Black = 56%. . An unexpected result.} (53... Qc6 $11 54. Be2 Qe4) 1/2-1/2

[Event "5th Pontevedra Open 2017"]
[Site "Pontevedra"]
[Date "2017.08.09"]
[Round "2"]
[White "Pap, Misa"]
[Black "Garcia Carbo, Marcial"]
[Result "1-0"]
[WhiteElo "2491"]
[BlackElo "2268"]
[Annotator "TA"]
[PlyCount "77"]
[EventDate "2017.??.??"]
[EventCountry "ESP"]
[SourceTitle "playchess.com"]
[Source "ChessBase"]
[SourceQuality "1"]

{[%evp 16,77,48,0,22,15,60,33,31,31,38,16,41,23,10,8,26,16,18,0,57,31,54,45,45,46,167,148,168,150,153,137,279,298,290,295,282,280,294,319,307,278,371,363,434,436,610,663,650,602,762,754,822,803,793,800,945,925,938,889,988,970,922,946]} 1. e4 {[%cal Be2e4,Be4e5][%mdl 32]} e6 2. d4 d5 3. Nd2 c5 4. c3 Nf6 5. e5 Nfd7 6. f4 Nc6 7. Ndf3 Qb6 8. a3 a5 9. b3 {LiveBook: 61 Games. C05: French Tarrasch: 3...Nf6 4 e5 Nfd7, 5 f4 and 5 Bd3 sidelines} Qc7 10. Be3 cxd4 $146 ({Predecessor:} 10... b6 11. Ne2 Ba6 12. h4 b5 13. f5 cxd4 14. cxd4 exf5 15. Nc3 Qb7 16. Nxd5 Ne7 17. Nxe7 Bxe7 {1-0 (39) Howell,D (2624)-Michiels,B (2462) Antwerp 2009}) 11. cxd4 {White is slightly better.} Nb6 12. a4 Bd7 13. Kf2 Rc8 14. Rc1 {[%cal Ba1c1,Bc1c2,Bc2a2][%mdl 32]} Ba3 15. Rc2 Qd8 16. Ne2 O-O 17. h4 Qe7 (17... f5 $11) 18. Ra2 Rc7 19. g4 Rfc8 20. Qb1 {And now Ng5 would win.} Bb4 (20... f6 $14) 21. Ng5 $18 f5 22. gxf5 exf5 23. Ng3 $40 {[%mdl 128] White has strong attack.} Bc3 (23... Rf8 $16 {was worth a try.}) 24. Nxf5 Bxf5 25. Qxf5 g6 26. Qe6+ Qxe6 27. Nxe6 Re7 28. Bh3 Nb4 29. Re2 Nd3+ 30. Kg3 {White is clearly winning.} h6 31. Rd1 Nb2 32. Rb1 Rce8 33. Nc5 {[%cal Be6c5,Bc5d7,Bd7f6][%mdl 32]} Nc8 34. Rc1 Bb4 35. Nd7 Nd6 36. Nf6+ Kf7 37. Nxe8 Ne4+ 38. Kf3 Nd3 39. Rd1 {Precision: White = 58%, Black = 32%.} 1-0

[Event "5th Pontevedra Open 2017"]
[Site "Pontevedra"]
[Date "2017.08.09"]
[Round "2"]
[White "Pena Gomez, Manuel"]
[Black "Garcia Sobrino, David"]
[Result "1-0"]
[WhiteElo "2468"]
[BlackElo "2241"]
[Annotator "TA"]
[PlyCount "75"]
[EventDate "2017.??.??"]
[EventCountry "ESP"]
[SourceTitle "playchess.com"]
[Source "ChessBase"]
[SourceQuality "1"]

{[%evp 13,75,8,45,40,54,33,27,22,31,-28,-11,-11,-4,-22,13,9,7,5,10,9,35,47,65,67,72,62,84,47,41,73,84,91,84,84,81,77,82,71,79,0,0,0,0,0,151,145,155,139,145,156,155,106,125,132,319,335,531,500,488,316,307,286,536,566]} 1. c4 c5 2. Nf3 Nc6 3. d4 cxd4 4. Nxd4 Nf6 5. Nc3 e6 6. a3 Be7 7. e4 Qc7 {LiveBook: 6 Games. A33: Symmetrical English: 2 Nf3 Nf6 3 d4 cxd4 4 Nxd4 e6 5 Nc3 Nc6} (7... O-O 8. Be2 d5 9. exd5 exd5 10. O-O Nxd4 11. Qxd4 dxc4 12. Qxd8 Rxd8 13. Bxc4 Bf5 14. Re1 Kf8 15. h3 Rac8 16. Ba2 Bc5 17. Bb1 Bxb1 18. Rxb1 {0-1 (48) Edouard,R (2626)-Vachier Lagrave,M (2803) chess.com INT 2017}) 8. Be2 b6 9. f4 $146 ({Predecessor:} 9. Be3 Bb7 10. Rc1 Qb8 11. O-O O-O 12. f4 Rd8 13. Kh1 Nxd4 14. Qxd4 d5 15. exd5 exd5 {½-½ (42) Clement Gomez,J (2357)-Edouard,R (2447) Andorra 2007}) 9... Nxd4 {White is slightly better.} 10. Qxd4 Bb7 11. Nb5 (11. Qd3 $14) 11... Qb8 12. Bf3 O-O 13. Qd3 d5 (13... a6 $5 {[%cal Ra6b5]} 14. Nc3 d6 $11) 14. cxd5 exd5 15. e5 $1 {[%cal Re5f6]} Ne4 16. O-O Bc5+ 17. Be3 a5 18. Rfe1 Rd8 19. Bxc5 bxc5 20. Bxe4 dxe4 21. Qc2 Ba6 22. Nd6 Bd3 23. Qxc5 {And now b4 would win.} Qxb2 24. Rad1 a4 25. Qc7 Rf8 26. Nf5 ({Of course not} 26. Nxe4 Bxe4 27. Rxe4 Qxa3 $15) (26. Qc1 $16 Qb3 27. h3 (27. Nxe4 Bxe4 28. Rxe4 Rfc8 $14)) 26... Rab8 $11 27. Qe7 h6 28. Qh4 {[#] aiming for Qg3.} Rb6 $2 ({Black should try} 28... Kh7 $11) 29. Qg3 $16 {[%csl Gf5][%cal Rg3g7]} Rg6 30. Ne7+ $40 {[%mdl 128] White has strong attack.} Kh7 31. Nxg6 fxg6 32. Re3 Rc8 33. h4 Rc3 $2 (33... Qxa3 $16 34. Rxe4 Qc5+ 35. Re3 Bf5) 34. h5 $1 $18 {[%cal Rh5g6]} gxh5 (34... Qb6 $142 35. hxg6+ Qxg6 36. Qxg6+ Kxg6) 35. f5 {[%cal Bf4f5,Bf5f6][%mdl 32]} Qb6 36. Kh2 {[#] Black must now prevent e6.} h4 37. Qf4 Rc2 $2 (37... g5 38. fxg6+ Qxg6 39. Qxh4 Rc7) 38. f6 {Precision: White = 61%, Black = 44%.} 1-0

[Event "5th Pontevedra Open 2017"]
[Site "Pontevedra"]
[Date "2017.08.09"]
[Round "2"]
[White "Ambartsumova, Karina"]
[Black "Burmakin, Vladimir"]
[Result "1/2-1/2"]
[WhiteElo "2325"]
[BlackElo "2520"]
[Annotator "TA"]
[PlyCount "75"]
[EventDate "2017.??.??"]
[EventCountry "ESP"]
[SourceTitle "playchess.com"]
[Source "ChessBase"]
[SourceQuality "1"]

{[%evp 20,75,34,34,47,35,51,52,48,50,66,47,49,17,24,29,43,22,32,17,23,15,14,17,16,16,24,8,11,13,24,0,62,66,60,47,63,47,52,55,61,54,65,64,69,92,87,72,98,62,59,44,69,0,57,0,72,0]} 1. e4 c6 2. d4 d5 3. exd5 cxd5 4. Bd3 Nc6 5. c3 g6 6. Bf4 Bg7 7. Nf3 Nf6 8. Nbd2 Nh5 9. Be3 Qd6 10. O-O O-O 11. Re1 {LiveBook: 15 Games. B13: Caro-Kann: Exchange Variation and Panov-Botvinnik Attack} b6 12. a4 $146 ({Find the theoretical novelty and annotate with similar games:} 12. Rc1 Bb7 13. a3 Rad8 14. Qa4 Rfe8 15. Ba6 Bxa6 16. Qxa6 {0-1 (28) Kozak,A (2303)-Moiseenko,V (2548) Sochi 2017}) 12... Bb7 13. Nb3 {White is slightly better.} a5 14. Nbd2 Nf4 15. Bb5 Ne6 16. Nf1 Ba6 17. Bxa6 Rxa6 18. Qd3 Ra7 19. N1d2 {[%cal Bf1d2,Bd2b1,Bb1a3][%mdl 32]} Rb7 20. Nb1 Na7 21. Na3 Qd7 22. Qc2 Rc8 23. Ra2 Nc7 24. Bf4 Ne8 25. Ne5 Qf5 (25... Bxe5 $11 26. Bxe5 (26. Rxe5 Nc6 $19) (26. dxe5 Ng7 $11) 26... Nc6) 26. Qxf5 $14 gxf5 27. Nd3 e6 28. h3 Nf6 29. f3 h5 30. Kf2 Kh7 31. Rh1 Kg8 32. Raa1 Kf8 33. h4 Ke7 34. Rae1 Nd7 35. Bg5+ Kd6 36. Bf4+ Ke7 37. Bg5+ Kd6 $1 38. Bf4+ {Precision: White = 40%, Black = 55%.} ({White should play} 38. Rb1 $16) 1/2-1/2

[Event "5th Pontevedra Open 2017"]
[Site "Pontevedra"]
[Date "2017.08.09"]
[Round "2"]
[White "Cabezas Ayala, Ivan"]
[Black "Oratovsky, Michael"]
[Result "0-1"]
[WhiteElo "2300"]
[BlackElo "2494"]
[Annotator "TA"]
[PlyCount "106"]
[EventDate "2017.??.??"]
[EventCountry "ESP"]
[SourceTitle "playchess.com"]
[Source "ChessBase"]
[SourceQuality "1"]

{[%evp 16,106,36,44,73,50,71,20,31,21,16,15,18,18,27,5,0,-17,24,-21,-22,-22,-14,-33,-26,-46,-12,-20,-13,-20,0,-79,-70,-87,-85,-116,-115,-123,-117,-119,-119,-141,-136,-146,-147,-166,-156,-156,-159,-154,-147,-172,0,0,0,-150,-149,-269,-266,-318,-318,-332,-318,-330,-301,-271,-300,-266,-294,-243,-270,-290,-275,-279,-267,-305,-310,-317,-337,-631,-456,-477,-476,-771,-761,-741,-733,-856,-838,-29992,-29993,-29993,-29994]} 1. e4 c5 2. Nf3 e6 3. d4 cxd4 4. Nxd4 a6 5. Nc3 b5 {[%cal Bb7b5,Bb5b4][%mdl 32]} 6. Bd3 d6 7. O-O Nf6 8. a4 b4 9. Na2 e5 {B42: Sicilian: Kan Variation: 5 Bd3} 10. Nf3 Nc6 11. c3 (11. Bd2 $16) 11... bxc3 $1 $11 {The position is equal.} 12. Nxc3 Be7 13. Bc4 $146 ({Predecessor:} 13. Bg5 Be6 14. Qe2 Nb4 15. Bc4 Qc8 16. Bxe6 Qxe6 17. Rfd1 {1-0 (26) Wang,H (2729)-Svidler,P (2753) Dubai 2014}) 13... O-O 14. Bg5 Be6 15. Bxe6 fxe6 16. Qb3 (16. b4 $5) 16... Qc8 17. Rac1 (17. Nd5 $5) 17... Rb8 18. Qd1 {Threatening Nd5!} Qd7 $36 {[%mdl 2048] White is under pressure.} (18... Rxb2 $6 {[#]} 19. Nd5 $1 $14 {[%mdl 512]}) 19. Qd3 Nb4 20. Qd2 Qe8 21. Bxf6 Rxf6 22. Ne1 Qh5 23. Qd1 (23. Nc2 $11 {keeps the balance.} Rh6 24. h3) 23... Qxd1 $17 24. Rxd1 Rff8 25. Nf3 Nc6 26. Rd2 Rb4 27. Ne1 Rfb8 28. Nd3 Rd4 29. Rfd1 Bg5 30. Rc2 Rc4 {And now ...Nd4 would win.} 31. Re2 Nd4 32. Ree1 Rb3 33. Kf1 Nc2 34. Re2 Nd4 35. Ree1 Bd8 36. f4 (36. Rc1 $17 {was worth a try.}) 36... exf4 $19 37. Nxf4 Rxb2 38. Nce2 Ba5 39. Rb1 Rxb1 40. Rxb1 Nxe2 ({Less strong is} 40... Rxa4 41. Nxd4 Rxd4 42. Nxe6 $17) 41. Kxe2 Rxe4+ {[%mdl 4096] Endgame KRB-KRN} ({Don't do} 41... Rxa4 42. Kf3 $19) 42. Kf3 d5 43. Rb7 Bd2 44. Nh5 Bc3 ({Weaker is} 44... Rxa4 45. Rxg7+ Kf8 46. Rxh7 $17) 45. a5 Bd4 46. Rb8+ Kf7 47. Ra8 $2 (47. Rb7+ Kg6 48. g4) 47... g6 48. Ng3 Re3+ 49. Kg4 (49. Kf2 $142) 49... h5+ 50. Kg5 Re5+ 51. Kh4 Bf2 {Hoping for ...Re4+.} 52. Rxa6 Re4+ 53. Kh3 {[#]} g5 $1 {[%mdl 512] Precision: White = 34%, Black = 82%.} 0-1

[Event "5th Pontevedra Open 2017"]
[Site "Pontevedra"]
[Date "2017.08.09"]
[Round "2"]
[White "Garcia Trobat, Francisco"]
[Black "Firat, Burak"]
[Result "0-1"]
[WhiteElo "2282"]
[BlackElo "2482"]
[Annotator "TA"]
[PlyCount "84"]
[EventDate "2017.??.??"]
[EventCountry "ESP"]
[SourceTitle "playchess.com"]
[Source "ChessBase"]
[SourceQuality "1"]

{[%evp 9,84,-8,0,-7,0,0,10,-5,36,-10,-12,-25,-14,-6,-20,-9,52,-29,-32,-43,-36,-57,-47,-77,-57,-88,-64,-120,-56,-53,-70,-59,-51,-60,-40,-43,-29,-38,0,0,0,0,0,0,0,0,48,0,0,-177,-179,-227,0,0,0,-125,-135,-133,-121,-347,-341,-340,-329,-318,-246,-401,-265,-320,-334,-481,-461,-492,-480,-1186,-1185,-3228,-3210]} 1. d4 Nf6 2. Bf4 d5 3. e3 g6 4. Nc3 Bg7 5. h4 c6 6. Qd2 {D00: 1 d4 d5: Unusual lines} (6. Nf3 Bg4 7. Be2 Nbd7 8. Ne5 Bxe2 9. Qxe2 h5 10. O-O-O Qa5 11. Kb1 {1-0 (44) Karjakin,S (2781)-Giri,A (2771) Stavanger 2017}) 6... b5 $146 ({Find the theoretical novelty and annotate with similar games:} 6... Nbd7 7. Nf3 Ng4 8. e4 dxe4 9. Nxe4 Ndf6 10. Nxf6+ Nxf6 11. Bc4 {0-1 (37) Saurabh,K (2207)-Sai,K (2339) Mumbai 2017}) 7. Nf3 h5 8. Be2 {The position is equal.} Ng4 9. Ne5 Nxe5 10. Bxe5 Bxe5 11. dxe5 Nd7 12. O-O-O Nb6 (12... e6 $11) 13. e4 (13. Qd4 $1 $14) 13... b4 $11 14. Nb1 a5 15. exd5 cxd5 16. Bb5+ Kf8 17. Qd4 Bf5 18. e6 (18. Bd3 $15) 18... f6 ({Black should play} 18... Rh7 $1 $17 19. exf7 Qc7) 19. Bd3 $15 Bxe6 20. Bxg6 Qd6 21. Rhe1 Rc8 22. Nd2 Rg8 23. Qd3 Bd7 24. Kb1 Qf4 25. g3 (25. Bxh5 Bf5 $17) 25... Qg4 26. Bh7 Rg7 27. Qe3 Na4 28. f3 Qxg3 29. Qh6 $2 (29. Bd3 $1 $11) 29... f5 $1 $19 30. Qxh5 Qf4 $2 ({Weaker is} 30... Nxb2 31. Kxb2 Qd6 32. Kb1 $16) ({Black should try} 30... Qd6 $1 $19 {[%cal Rd6f6] Threatens to win with ...Qf6.} 31. f4 (31. Bxf5 Qf6 $11) 31... Nc3+ $1 {[%mdl 512]} 32. bxc3 bxc3 33. Bxf5 (33. Nb3 $2 {gets mated.} Qa3 34. Qe8+ Bxe8 35. Bxf5 Qb2#) 33... Qa3) 31. Bg6 $11 {And now Nb3 would win.} Rc6 $1 $40 {[%cal Rc6g6][%mdl 128] Black has some attack.} 32. Nc4 (32. Qh8+ $11 Rg8 33. Qh7) 32... Rcxg6 $17 33. Ne5 {[#]} Be8 $1 {[%cal Bd7e8,Be8f7,Bf7g6][%mdl 32]} 34. Nd3 $2 {[#]} (34. Nxg6+ $17 Bxg6 35. Qh8+ Rg8 36. Qe5 Qxe5 37. Rxe5) 34... Qd6 $1 $19 35. Qh8+ Rg8 36. Qd4 Bf7 37. Re5 $2 (37. Qa7) 37... e6 38. h5 Rh6 39. Nf4 (39. c4 $142) 39... Qb6 {Black is clearly winning.} 40. Ng6+ Bxg6 41. Qf4 (41. Qxb6 $142 Nxb6 42. Rxe6) 41... Rxh5 42. Rxe6 Qxe6 {Precision: White = 36%, Black = 51%.} 0-1

[Event "5th Pontevedra Open 2017"]
[Site "Pontevedra"]
[Date "2017.08.09"]
[Round "2"]
[White "Padeiro, Jose"]
[Black "Huerga Leache, Mikel"]
[Result "1-0"]
[WhiteElo "2255"]
[BlackElo "2446"]
[Annotator "TA"]
[PlyCount "65"]
[EventDate "2017.??.??"]
[EventCountry "ESP"]
[SourceTitle "playchess.com"]
[Source "ChessBase"]
[SourceQuality "1"]

{[%evp 20,65,0,0,0,0,0,0,0,0,0,0,0,0,1,0,1,0,54,29,30,22,31,-3,3,0,0,-14,-14,-15,0,-13,80,80,80,70,77,77,86,85,77,51,118,109,125,121,109,126]} 1. d4 Nf6 2. c4 g6 3. Nc3 d5 4. Bf4 Bg7 5. Rc1 O-O 6. Nf3 dxc4 7. e3 Be6 8. Ng5 Bd5 9. e4 h6 10. exd5 hxg5 11. Bxg5 Nxd5 {D92: Grünfeld: 4 Nf3 Bg7 5 Bf4} 12. Bxc4 Nb6 13. Bb3 Qxd4 {The position is equal.} (13... Nc6 14. Ne2 a5 15. a4 Rc8 16. O-O Nxd4 17. Nxd4 Qxd4 18. Bxe7 Rfe8 19. Bc5 Qxd1 20. Rfxd1 Bxb2 21. Rc2 Bf6 22. g3 {½-½ (30) Prohaszka,P (2607)-Ragger,M (2688) Austria 2016}) 14. Qxd4 Bxd4 15. Nb5 Bxb2 16. Rc2 Be5 $1 {...Nc6 is the strong threat.} 17. Nxc7 Bxc7 $146 ({Predecessor:} 17... Nc6 18. Nxa8 Rxa8 19. Be3 {1-0 (33) Moen,O (2231)-Kirkebo,C (2181) Oslo 2007}) 18. Rxc7 N8d7 ({Black should play} 18... e6 $11) 19. Rxb7 e6 20. Rc7 $36 {[%mdl 2048] Black is under pressure.} a5 {[%cal Ba7a5,Ba5a4][%mdl 32]} 21. Be3 Rfc8 (21... a4 $5 {[%cal Ra4b3]} 22. Bd1 Rfd8 $11) 22. Rxc8+ Rxc8 23. O-O a4 24. Bd1 Rc3 25. Bf3 Nc4 (25... Rc2 $11 {remains equal.}) 26. Rc1 $16 Rxc1+ 27. Bxc1 {[%mdl 4096] Endgame KBB-KNN} Kg7 28. Bc6 Ndb6 29. Kf1 Kf6 30. Ke2 Ke7 (30... Nd5 $14) 31. h4 {White is better.} Kd6 32. Be8 Ke7 33. Bb5 {Precision: White = 58%, Black = 43%.} 1-0

[Event "5th Pontevedra Open 2017"]
[Site "Pontevedra"]
[Date "2017.08.10"]
[Round "3"]
[White "Oratovsky, Michael"]
[Black "Recuna Aranda, Miguel"]
[Result "1-0"]
[WhiteElo "2494"]
[BlackElo "1741"]
[Annotator "TA"]
[PlyCount "69"]
[EventDate "2017.??.??"]
[EventCountry "ESP"]
[SourceTitle "playchess.com"]
[Source "ChessBase"]
[SourceQuality "1"]

{[%evp 14,69,28,21,33,-7,28,28,31,32,32,31,25,29,51,28,41,34,53,32,56,34,58,49,71,49,31,43,77,77,73,54,63,53,124,69,178,181,166,152,317,292,360,355,567,568,568,560,554,554,537,402,393,410,815,784,812,817]} 1. e4 e5 2. Bc4 Nf6 3. d3 Bc5 4. Nf3 d6 5. c3 Nc6 6. Nbd2 {[%cal Bb1d2,Bd2f1,Bf1g3][%mdl 32]} O-O 7. h3 {C54: Giuoco Piano: 4 c3 Nf6, main lines with 5 d4 and 5 d3} (7. b4 Bb6 8. a4 a5 9. b5 Ne7 10. Bb3 c6 11. O-O Ng6 12. Nc4 Bc7 13. Re1 Re8 14. Bg5 h6 15. b6 Bb8 16. Bxf6 Qxf6 17. Rb1 Ra6 18. g3 Be6 19. Ncd2 d5 20. exd5 cxd5 {½-½ (32) Anand,V (2779)-Topalov,V (2760) Saint Louis 2016}) 7... Bb6 8. Bb3 {LiveBook: 26 Games} a6 9. Nf1 {White is slightly better.} Ne7 10. Ng3 Ng6 11. O-O h6 12. d4 $146 ({Find the theoretical novelty and annotate with similar games:} 12. Re1 Re8 13. a4 Be6 14. Bc2 d5 {0-1 (37) Janda,P (2116)-Cmiko,J (2027) Czechia 2013}) 12... Re8 13. Re1 Bd7 14. Be3 exd4 15. Bxd4 Bxd4 16. cxd4 {[%cal Bc3d4,Bd4d5][%mdl 32]} Bc6 {[%cal Rc6e4]} 17. d5 Bb5 18. Nd4 Ne5 19. f4 Ng6 $1 20. Qf3 $36 {[%mdl 2048] White has some pressure.} c6 21. dxc6 Bxc6 22. Nxc6 bxc6 23. Rad1 d5 {[#]} (23... Qc7 $14) 24. Kh2 (24. e5 $1 $16) 24... Qa5 (24... Rb8 $14) 25. e5 $18 Nd7 26. Nh5 Rac8 $2 (26... Nf6 $16 {was worth a try.}) 27. Qg3 Qb4 {[#]} 28. e6 $1 {[%mdl 512]} Ndf8 (28... Rxe6 $142 29. Rxe6 fxe6 30. Qxg6 Qe7) 29. exf7+ Kxf7 30. f5 {aiming for Rxd5!} Qb8 31. fxg6+ Nxg6 32. Bc2 Qxg3+ 33. Nxg3 ({Don't take} 33. Kxg3 Nf8 $18) 33... Rb8 (33... Rxe1 $142 34. Rxe1 Ne7) 34. Rxe8 Rxe8 35. Rf1+ {Precision: White = 68%, Black = 32%.} 1-0

[Event "5th Pontevedra Open 2017"]
[Site "Pontevedra"]
[Date "2017.08.10"]
[Round "3"]
[White "Firat, Burak"]
[Black "Bouzas Bello, Rafael"]
[Result "1-0"]
[WhiteElo "2482"]
[BlackElo "1621"]
[Annotator "TA"]
[PlyCount "55"]
[EventDate "2017.??.??"]
[EventCountry "ESP"]
[SourceTitle "playchess.com"]
[Source "ChessBase"]
[SourceQuality "1"]

{[%evp 17,55,27,66,66,84,78,96,77,79,20,17,13,32,19,36,28,33,55,264,231,419,425,522,516,759,797,764,764,980,976,1017,1021,1030,922,917,910,949,941,1480,902]} 1. Nf3 d5 2. g3 Nf6 3. Bg2 c5 4. O-O Nc6 5. d4 e6 6. c4 Be7 7. cxd5 Nxd5 8. dxc5 Bxc5 9. Qc2 Bb6 {LiveBook: 6 Games. E06: Closed Catalan: Early deviations} (9... Qe7 10. Nc3 Nxc3 11. Qxc3 O-O 12. Bf4 f6 13. Rac1 Bb6 14. Be3 Bxe3 15. Qxe3 e5 16. Nd2 Nd4 17. Nb3 Nxb3 18. Qxb3+ Be6 19. Qa4 Rfd8 {½-½ (47) Ponomariov,R (2699)-Lu,S (2638) Danzhou 2017}) 10. Na3 $146 ({Predecessor:} 10. Rd1 Qe7 11. e4 Nf6 12. h3 h6 13. Nc3 O-O 14. Na4 Bc7 15. Be3 Rd8 16. Rxd8+ Qxd8 17. Rd1 {1-0 (46) Arsovic,Z (2441)-Andrijevic,M (2370) Senta 2006}) 10... O-O 11. Nc4 Nd4 {White is better.} 12. Nxd4 Bxd4 13. e3 ({Better is} 13. Rd1 $16 Qf6 14. Bf4 $1 {[%mdl 512]}) 13... Bf6 $11 14. Bd2 Bd7 15. Rac1 $36 {[%mdl 2048] White has the initiative.} Rc8 {And now ...b5 would win.} 16. Qb3 Bc6 17. Rfd1 b6 $2 {[#]} (17... Qd7 $14) 18. e4 $1 $18 Ne7 $2 (18... Qd7) 19. Bf4 Qe8 {Threatening ...Ba4.White is clearly winning.} 20. Nd6 Qd7 21. Nxc8 Qxc8 22. e5 Bxe5 23. Bxe5 Qb7 24. Bxc6 Nxc6 {[#]} 25. Bxg7 $1 Kxg7 26. Qc3+ Kg8 27. Qxc6 Qb8 28. Qc7 {Precision: White = 82%, Black =  2%.} 1-0

[Event "5th Pontevedra Open 2017"]
[Site "Pontevedra"]
[Date "2017.08.10"]
[Round "3"]
[White "Estremera Panos, Sergio"]
[Black "Avelino, Camila Biscaya"]
[Result "1-0"]
[WhiteElo "2362"]
[BlackElo "1615"]
[Annotator "TA"]
[PlyCount "43"]
[EventDate "2017.??.??"]
[EventCountry "ESP"]
[SourceTitle "playchess.com"]
[Source "ChessBase"]
[SourceQuality "1"]

{[%evp 17,43,13,40,40,45,41,41,47,38,30,54,48,55,49,77,68,80,81,64,70,498,499,1658,1647,1643,1610,1577,1576]} 1. d4 d5 2. c4 Nf6 3. Nf3 e6 4. Nc3 Be7 5. Bg5 O-O 6. e3 c6 7. Qc2 Nbd7 8. Rd1 Re8 9. a3 Qa5 10. Bd3 {D61: Queen's Gambit Declined: Classical: 7 Qc2} dxc4 11. Bxc4 h6 (11... Nd5 12. Bxe7 Rxe7 13. Rd3 Nxc3 14. Rxc3 Qh5 15. O-O e5 16. e4 exd4 17. Nxd4 Nf6 {1-0 (34) Papin,V (2569)-Kotenko,P (2399) Armavir 2011}) 12. Bxf6 {White is slightly better.} Nxf6 13. O-O Bd6 $146 ({Predecessor:} 13... b5 14. Bd3 Bb7 15. Ne5 a6 16. Ne4 Nxe4 17. Bxe4 Bd6 {1-0 (45) Vodyasov,E (2231)-Geshelin,Y (2079) Wisla 2007}) 14. e4 {[#] e5 is the strong threat.} e5 15. Qb3 Qc7 16. dxe5 Bxe5 17. Nxe5 Rxe5 18. f4 $36 {[%mdl 2048] White has the initiative.} Rh5 $2 {[%mdl 8192] [#]} (18... Re7 $14) 19. Bxf7+ $1 $18 {[%mdl 512] White is clearly winning.} Qxf7 (19... Kh7 $142 20. Bxh5 Nxh5) 20. Rd8+ Kh7 21. Qxf7 Be6 22. Qxe6 1-0

[Event "5th Pontevedra Open 2017"]
[Site "Pontevedra"]
[Date "2017.08.10"]
[Round "3"]
[White "Sanchez Aller, Fernando"]
[Black "Iglesias Gonzalez, Sabela"]
[Result "1-0"]
[WhiteElo "2337"]
[BlackElo "1591"]
[Annotator "TA"]
[PlyCount "37"]
[EventDate "2017.??.??"]
[EventCountry "ESP"]
[SourceTitle "playchess.com"]
[Source "ChessBase"]
[SourceQuality "1"]

{[%evp 20,37,36,41,36,38,64,54,61,59,449,454,441,446,497,418,729,714,832,825]} 1. d4 Nf6 2. c4 g6 3. Nc3 Bg7 4. e4 d6 5. Nf3 O-O 6. Be2 Nbd7 7. O-O e5 8. Re1 Re8 9. Bf1 exd4 10. Nxd4 Nc5 11. f3 $1 {LiveBook: 59 Games} Nfd7 {E95: King's Indian: Classical: 7...Nbd7 8 Re1} 12. Be3 a6 13. Qd2 Ne6 $146 {White is slightly better.} ({Predecessor:} 13... Ne5 14. Bg5 f6 15. Bh4 Ne6 16. Rad1 Nxd4 17. Qxd4 Be6 18. c5 g5 19. Bf2 dxc5 20. Qxc5 {1-0 (52) Kiseleva,A (1998)-Belkina,Y (1847) St Petersburg 2015}) 14. Rad1 Qh4 $2 {[%mdl 8192] [#]} (14... Ne5 $14) 15. Nxe6 $1 $18 fxe6 16. Bg5 Qh5 17. g4 Bd4+ (17... Ne5 $142) 18. Kg2 (18. Qxd4 Qxg5 19. h3 Ne5 $11) 18... Bxc3 19. bxc3 ({Weaker is} 19. gxh5 Bxd2 20. Rxd2 (20. Bxd2 gxh5 21. f4 b6 $11) 20... b6 $14) 1-0